[Event "Detroit (MI Op/5/32)"]
[Site "?"]
[Date "1990.??.??"]
[Round "?"]
[White "Santiago, Reynaldo"]
[Black "Raftshol, W."]
[Result "1/2-1/2"]
[WhiteElo "2000"]
[BlackElo "1870"]
[PlyCount "89"]
[EventDate "1990.??.??"]

{5/(32)} 1. e4 e5 2. Nf3 Nc6 3. Bb5 Nf6 4. O-O Nxe4 5. Re1 Nd6 6. Bxc6 dxc6 7.
Nxe5 Be7 8. b3 O-O 9. Bb2 f6 10. Nf3 Bg4 11. d3 Qd7 12. Nbd2 Rae8 13. h3 Be6
14. Nf1 Nf5 15. Qd2 c5 16. Ne3 Nd4 17. Bxd4 cxd4 18. Nc4 c5 19. a4 Bd5 20. Nh2
Bd8 21. Rxe8 Rxe8 22. Re1 Bc7 23. Nf1 Re7 24. Rxe7 Qxe7 25. Ng3 b6 26. Qe2 Qxe2
27. Nxe2 f5 28. f3 Kf7 29. Kf2 g5 30. Ng3 Kg6 31. Nf1 a6 32. Ncd2 h5 33. Nb1 h4
34. Nbd2 b5 35. axb5 axb5 36. Nb1 Kh5 37. Nbd2 Bf4 38. Ke2 Be5 39. Kf2 g4 40.
hxg4+ fxg4 41. Ne4 c4 42. Nfd2 cxd3 43. cxd3 gxf3 44. Kxf3 Bf6 45. Kf4 1/2-1/2

[Event "Detroit (MI Op/6/35)"]
[Site "?"]
[Date "1990.??.??"]
[Round "?"]
[White "Sanborn, Richard"]
[Black "Steen, Harold"]
[Result "0-1"]
[WhiteElo "1885"]
[BlackElo "1815"]
[PlyCount "64"]
[EventDate "1990.??.??"]

{6/(35)} 1. e4 d6 2. d4 g6 3. f4 Bg7 4. Nf3 Bg4 5. Be2 Nd7 6. O-O c5 7. c3 Qc7
8. h3 Bxf3 9. Rxf3 Ngf6 10. e5 Nd5 11. exd6 exd6 12. Bc4 Ne7 13. Be3 Nf5 14.
dxc5 Nxc5 15. Bb5+ Nd7 16. Bf2 O-O 17. Rd3 Nc5 18. Rd5 Ne4 19. Bd3 Nxf2 20.
Kxf2 Qb6+ 21. Rd4 Bxd4+ 22. Kf3 Bf2 23. Qe2 Nh4+ 24. Kg4 h5+ 25. Kg5 Qc5+ 26.
f5 Nxf5 27. b4 Be3+ 28. Qxe3 Qxe3+ 29. Kf6 Qe5+ 30. Kg5 f6+ 31. Kxg6 Nh4+ 32.
Kh6 Qg5# 0-1

[Event "Detroit (MI Op/1b/2)"]
[Site "?"]
[Date "1990.??.??"]
[Round "?"]
[White "Sanborn, Richard"]
[Black "Poschel, Paul"]
[Result "0-1"]
[WhiteElo "1885"]
[BlackElo "2305"]
[PlyCount "102"]
[EventDate "1990.??.??"]

1. e4 c5 2. Nf3 e6 3. d4 cxd4 4. Nxd4 a6 5. Be3 Nf6 6. Nd2 d6 7. f4 Qc7 8. Bd3
Be7 9. h3 Nc6 10. a3 Nxd4 11. Bxd4 e5 12. Bc3 exf4 13. O-O Be6 14. Qf3 g5 15.
Rae1 O-O-O 16. Qf2 Rhe8 17. Nb3 Bxb3 18. cxb3 Kb8 19. Bd4 Qd7 20. Qd2 d5 21. e5
Ne4 22. Qa5 Qe6 23. b4 Rc8 24. b5 Bc5 25. Bxc5 Nxc5 26. Be2 b6 27. Qd2 Qxe5 28.
Bg4 Ne4 29. Qd3 f5 30. Bh5 Red8 31. bxa6 Ka7 32. a4 Rc4 33. Qa3 Qd4+ 34. Kh2
Qc5 35. Qa1 Ng3 36. Rf3 Nxh5 37. b3 Re4 38. Rc1 Qd6 39. Rfc3 f3+ 40. Kg1 Re7
41. Rxf3 Nf4 42. Rc2 d4 43. a5 b5 44. b4 Rde8 45. Rf1 Ne2+ 46. Rxe2 Rxe2 47.
Qc1 f4 48. Qb1 d3 49. Qb3 Qd4+ 50. Kh2 Qe4 51. Rf3 Qxf3 0-1

[Event "Detroit (MI Op/4/38)"]
[Site "?"]
[Date "1990.??.??"]
[Round "?"]
[White "Sanborn, Richard"]
[Black "Kosanovich, M."]
[Result "0-1"]
[WhiteElo "1885"]
[BlackElo "1620"]
[PlyCount "73"]
[EventDate "1990.??.??"]

{4/(38)} 1. e4 c5 2. Nf3 Nc6 3. d4 cxd4 4. Nxd4 e5 5. Nb3 Nf6 6. Bg5 h6 7. Bxf6
Qxf6 8. N1d2 Qg6 9. a3 Be7 10. Ke2 O-O 11. h4 d6 12. f3 f5 13. h5 Qg3 14. Qe1
Qf4 15. Kd1 Be6 16. Bd3 Rad8 17. exf5 Bxf5 18. Bxf5 Rxf5 19. g3 Qa4 20. c3 d5
21. Ke2 e4 22. f4 Qa6+ 23. Kd1 Qa4 24. Ke2 d4 25. Qd1 dxc3 26. bxc3 Rfd5 27.
Nd4 Qa6+ 28. Kf2 Bc5 29. N2b3 Bb6 30. Qe2 Qa4 31. Rhd1 Qxb3 32. Kg2 Nxd4 33.
cxd4 Rxd4 34. Rxd4 Rxd4 35. Rc1 Qd3 36. Rc8+ Kf7 37. Qa2+ 0-1

[Event "Detroit (MOR/6/46)"]
[Site "?"]
[Date "1990.??.??"]
[Round "?"]
[White "Sanborn, Neil"]
[Black "Venia, Mike"]
[Result "0-1"]
[WhiteElo "1605"]
[BlackElo "1605"]
[PlyCount "52"]
[EventDate "1990.??.??"]

{6/(46)} 1. e4 Nf6 2. Nc3 d5 3. exd5 Nxd5 4. Nxd5 Qxd5 5. Nf3 Bg4 6. Be2 Nc6 7.
h3 Bh5 8. O-O O-O-O 9. Nh4 Bxe2 10. Qxe2 Nd4 11. Qd1 Qe4 12. Nf3 Qxc2 13. Nxd4
Qxd1 14. Rxd1 Rxd4 15. d3 e6 16. Be3 Rd5 17. Bxa7 b6 18. Rac1 Kb7 19. g4 Bd6
20. Kg2 Kxa7 21. Kf3 h5 22. gxh5 Rhxh5 23. Kg4 Rdg5+ 24. Kf3 Rxh3+ 25. Ke4 Rg4+
26. f4 Rxf4# 0-1

[Event "Detroit (MOR/2/41)"]
[Site "?"]
[Date "1990.??.??"]
[Round "?"]
[White "Sanborn, Neil"]
[Black "Vandenburg, V.E."]
[Result "1/2-1/2"]
[WhiteElo "1605"]
[BlackElo "1625"]
[PlyCount "74"]
[EventDate "1990.??.??"]

{2/(41)} 1. e4 e6 2. Nf3 a6 3. d4 b5 4. c4 Bb7 5. Nc3 b4 6. Na4 Bxe4 7. d5 Nf6
8. dxe6 fxe6 9. Bd3 Bb7 10. Be3 d6 11. c5 Be7 12. cxd6 cxd6 13. Nb6 Nd5 14.
Nxa8 Nxe3 15. fxe3 Nc6 16. Qb3 d5 17. e4 Na5 18. Qa4+ Bc6 19. Qc2 Qxa8 20. Ne5
Bf6 21. Nxc6 Nxc6 22. Rc1 Nd4 23. Qc8+ Qxc8 24. Rxc8+ Bd8 25. Bxa6 O-O 26. Rf1
Be7 27. Rfxf8+ Bxf8 28. exd5 exd5 29. a4 b3 30. a5 Kf7 31. Bb7 Nc2+ 32. Kd2
Bb4+ 33. Kd3 Ne1+ 34. Kd4 Nc2+ 35. Kd3 Ne1+ 36. Kd4 Nc2+ 37. Kd3 Ne1+ 1/2-1/2

[Event "Detroit (MOR/7/45)"]
[Site "?"]
[Date "1990.??.??"]
[Round "?"]
[White "Sanborn, Neil"]
[Black "Franzen, K."]
[Result "0-1"]
[WhiteElo "1605"]
[BlackElo "1605"]
[PlyCount "29"]
[EventDate "1990.??.??"]

{7/(45)} 1. e4 e5 2. Nf3 Nc6 3. Bb5 a6 4. Bxc6 dxc6 5. O-O Nf6 6. Nxe5 Qd4 7.
Nf3 Nxe4 8. Nxd4 Bc5 9. d3 Nf6 10. Bg5 Bxd4 11. Bxf6 Bxf6 12. Nc3 Bxc3 13. bxc3
O-O 14. Re1 Bd7 15. Qf3 {[Remainder of scoresheet illegible]} 0-1

[Event "Detroit (MOR/4/56)"]
[Site "?"]
[Date "1990.??.??"]
[Round "?"]
[White "Sanborn, Neil"]
[Black "Clark, M."]
[Result "0-1"]
[WhiteElo "1605"]
[BlackElo "1605"]
[PlyCount "96"]
[EventDate "1990.??.??"]

{4/(56)} 1. e4 c5 2. Bc4 d6 3. d4 cxd4 4. Qxd4 Nc6 5. Qc3 e6 6. f4 Be7 7. Qxg7
Bf6 8. Qg3 Bh4 9. Nf3 Bxg3+ 10. hxg3 Bd7 11. f5 Qc7 12. fxe6 Bxe6 13. Bxe6 fxe6
14. Ng5 O-O-O 15. Nxe6 Qa5+ 16. Bd2 Qb6 17. Nxd8 Nxd8 18. Nc3 Qxb2 19. O-O Ne7
20. Nd5 Nxd5 21. exd5 Qd4+ 22. Kh2 Qxd2 23. Rad1 Qxc2 24. Rc1 Qxc1 25. Rxc1+
Kb8 26. a4 Re8 27. g4 Re4 28. Kh3 Rxa4 29. Kh4 Rd4 30. Kh5 Rxd5+ 31. g5 Nf7 32.
Re1 Rxg5+ 33. Kh4 Rg8 34. g4 Ne5 35. g5 Nf3+ 36. Kh5 Nxe1 37. Kh6 Rg6+ 38. Kh5
Re6 39. Kg4 a5 40. Kf5 Rg6 41. Kg4 a4 42. Kf5 a3 43. Kg4 Rg7 44. Kh5 a2 45. Kh6
a1=Q 46. Kh5 Qe5 47. Kh4 Qxg5+ 48. Kh3 Qh5# 0-1

[Event "Lansing (Jan)"]
[Site "?"]
[Date "1990.??.??"]
[Round "?"]
[White "Sahul, Z."]
[Black "Jackson, Don"]
[Result "0-1"]
[WhiteElo "1635"]
[BlackElo "1605"]
[PlyCount "94"]
[EventDate "1990.??.??"]

1. e4 c5 2. Bc4 d6 3. Nc3 Nc6 4. Nf3 Nf6 5. d3 Bg4 6. h3 Bxf3 7. gxf3 Nd4 8.
Nb5 Qa5+ 9. Bd2 Qb6 10. Nxd4 cxd4 11. b3 e6 12. a4 Qc5 13. b4 Qh5 14. Bb5+ Nd7
15. Bxd7+ Kxd7 16. Bf4 e5 17. Bg3 Be7 18. f4 Qxd1+ 19. Kxd1 Bf6 20. fxe5 dxe5
21. Rc1 Rhc8 22. f3 Rc3 23. Be1 Ra3 24. c3 Bg5 25. Rc2 Rc8 26. cxd4 Rxd3+ 27.
Bd2 Rxd4 28. Rxc8 Kxc8 29. Rh2 Bxd2 30. Rxd2 Rxb4 31. Ra2 Rb3 32. Ke2 Rc3 33.
Kf2 Kc7 34. Kg3 Rc6 35. Rd2 Rd6 36. Rc2+ Kd7 37. Rc5 Rg6+ 38. Kf2 Re6 39. a5 f6
40. Rb5 Kc7 41. Kg3 g6 42. Rc5+ Rc6 43. Rd5 a6 44. h4 h5 45. f4 Rc3+ 46. Kg2
exf4 47. Rd2 Re3 0-1

[Event "Lansing (MI Am/4/18)"]
[Site "?"]
[Date "1990.??.??"]
[Round "?"]
[White "Sahul, Z."]
[Black "Burg, Dan"]
[Result "0-1"]
[WhiteElo "1605"]
[BlackElo "1855"]
[PlyCount "88"]
[EventDate "1990.??.??"]

{4/(18)} 1. e4 d5 2. exd5 Nf6 3. Nf3 Bg4 4. d4 Nxd5 5. c4 Nf6 6. Nc3 e6 7. a3
Nc6 8. Be3 Qd7 9. Be2 Bxf3 10. Bxf3 O-O-O 11. d5 exd5 12. cxd5 Ne5 13. O-O
Nxf3+ 14. Qxf3 Bd6 15. Rac1 Ng4 16. g3 h5 17. h4 f6 18. Ne4 Kb8 19. Bd4 Be5 20.
Bxe5 Nxe5 21. Qc3 Rc8 22. Qb3 Qg4 23. Nc5 b6 24. Kg2 g5 25. f3 Qf5 26. Rh1 gxh4
27. Rxh4 Ng6 28. Rhh1 h4 29. g4 Nf4+ 30. Kf2 Qxd5 31. Qxd5 Nxd5 32. Nd7+ Kb7
33. Rcd1 c6 34. g5 fxg5 35. Ne5 Rhf8 36. Rhg1 Rf5 37. Ng6 Re8 38. Rde1 Rxe1 39.
Rxe1 Rf6 40. Ne7 g4 41. Nxd5 cxd5 42. Re3 Rxf3+ 43. Rxf3 gxf3 44. Kxf3 h3 0-1

[Event "Detroit (RVO/5)"]
[Site "?"]
[Date "1990.??.??"]
[Round "?"]
[White "Rysztak, R."]
[Black "Rostrom, Richard"]
[Result "1-0"]
[WhiteElo "1930"]
[BlackElo "1685"]
[PlyCount "93"]
[EventDate "1990.??.??"]

1. d4 Nf6 2. c4 c5 3. Nf3 g6 4. Nc3 cxd4 5. Nxd4 Bg7 6. e4 d6 7. Be2 O-O 8. Be3
Nbd7 9. O-O Nc5 10. f3 Nfd7 11. Rc1 a6 12. b4 Ne6 13. f4 Nxd4 14. Bxd4 e5 15.
fxe5 dxe5 16. Be3 Nf6 17. c5 Bd7 18. a4 Bc6 19. Bf3 Qe8 20. Qb3 Rd8 21. Rcd1
Bd7 22. Rd6 Be6 23. Qd1 Bc4 24. Rf2 Qe7 25. Rfd2 Rc8 26. Bg5 h6 27. Bxf6 Bxf6
28. Nd5 Bxd5 29. R2xd5 Rcd8 30. Rd7 Rxd7 31. Rxd7 Rd8 32. Bg4 Bg5 33. Rxd8+
Qxd8 34. Qxd8+ Bxd8 35. Bc8 b6 36. Bxa6 bxc5 37. bxc5 Be7 38. c6 Bc5+ 39. Kf1
Bb6 40. Bc4 Kg7 41. Ke2 Kf6 42. Bd5 Ke7 43. Kd3 f5 44. Kc4 f4 45. Kb5 Bd4 46.
Ka6 Kd8 47. Kb7 1-0

[Event "Detroit (RVO/2)"]
[Site "?"]
[Date "1990.??.??"]
[Round "?"]
[White "Rysztak, R."]
[Black "Nikitin, Mike"]
[Result "0-1"]
[WhiteElo "1930"]
[BlackElo "1610"]
[PlyCount "112"]
[EventDate "1990.??.??"]

1. d4 Nf6 2. c4 g6 3. Nf3 d5 4. Nc3 Bg7 5. Qb3 e6 6. Bg5 Qd7 7. Ne5 Qe7 8. cxd5
h6 9. Bxf6 Bxf6 10. Qb5+ Nd7 11. e4 O-O 12. dxe6 c6 13. exf7+ Rxf7 14. Qb3 Nxe5
15. dxe5 Bxe5 16. Bc4 Bxc3+ 17. bxc3 Qxe4+ 18. Kf1 Bh3 19. Bxf7+ Kg7 20. f3
Qxf3+ 21. Ke1 Qe4+ 22. Kf2 Qxg2+ 23. Ke3 Qg5+ 24. Kf2 Qf4+ 25. Ke2 Bg4+ 26. Kd3
Rd8+ 27. Bd5 Qf5+ 28. Kd2 Rxd5+ 29. Kc1 Qf4+ 30. Kb2 Rb5 31. Rac1 Rxb3+ 32.
axb3 Bf3 33. Rhe1 Qd2+ 34. Ka3 Qd6+ 35. Kb2 Qxh2+ 36. Rc2 Qd6 37. Rf2 Bd5 38.
Rd2 Qf4 39. Re7+ Kf6 40. Rde2 b5 41. Rxa7 Be4 42. Ra8 Kg5 43. Re8 Bd5 44. R2e5+
Kf6 45. Re2 Qg3 46. R8e3 Bf3 47. Rd2 Qf4 48. Red3 Kg5 49. Rf2 Kg4 50. Rd4 Qxd4
51. cxd4 h5 52. Kc3 h4 53. Kd2 Kg3 54. Ke3 Bd5 55. Ke2 h3 56. Rf6 g5 0-1

[Event "Detroit (RVO/4)"]
[Site "?"]
[Date "1990.??.??"]
[Round "?"]
[White "Rysztak, R."]
[Black "McGinniss, M."]
[Result "1-0"]
[WhiteElo "1930"]
[BlackElo "1605"]
[PlyCount "71"]
[EventDate "1990.??.??"]

1. d4 d5 2. Nf3 Nf6 3. g3 c6 4. Bg2 h6 5. c4 dxc4 6. a4 Bf5 7. Na3 e6 8. Nxc4
Bb4+ 9. Bd2 Bxd2+ 10. Qxd2 O-O 11. O-O Nbd7 12. Nfe5 Nxe5 13. dxe5 Qxd2 14.
Nxd2 Nd7 15. Nc4 Rab8 16. e4 Bh7 17. f4 Nc5 18. Nd6 Nd3 19. Ra3 Nb4 20. a5 c5
21. Rc1 b6 22. a6 Rfd8 23. Kf2 f6 24. Bh3 f5 25. Ke3 g6 26. Bg2 Kf8 27. exf5
gxf5 28. Nb5 Rd7 29. Bb7 Nxa6 30. Bxa6 Rbd8 31. Nd6 Bg8 32. Bb5 Re7 33. Rca1 a5
34. Rd3 Bf7 35. Rad1 Rc7 36. Nc4 1-0

[Event "Lansing (Mini-Swiss.6/2)"]
[Site "?"]
[Date "1990.??.??"]
[Round "?"]
[White "Russell, T."]
[Black "Cunningham, J."]
[Result "1-0"]
[WhiteElo "1610"]
[BlackElo "1605"]
[PlyCount "55"]
[EventDate "1990.??.??"]

{6/(2)} 1. e4 e5 2. Nf3 d6 3. Bc4 h6 4. O-O Nf6 5. Re1 Bg4 6. c3 g5 7. d4 Bxf3
8. Qxf3 exd4 9. cxd4 Nc6 10. e5 dxe5 11. dxe5 Qe7 12. Qxf6 Qxf6 13. exf6+ Kd7
14. Bxf7 Bd6 15. Be6+ Ke8 16. Bd2 Ne5 17. Bc3 Rf8 18. Bxe5 Bxe5 19. Rxe5 Rxf6
20. Nc3 Ke7 21. Bc4+ Kd6 22. Rd5+ Ke7 23. Re1+ Kf8 24. Rd7 b5 25. Nxb5 Rb8 26.
b3 a6 27. Nxc7 Rbb6 28. Re8# 1-0

[Event "Lansing (Feb)"]
[Site "?"]
[Date "1990.??.??"]
[Round "?"]
[White "Russell, K."]
[Black "Wisckol, Richard"]
[Result "0-1"]
[WhiteElo "1665"]
[BlackElo "1710"]
[PlyCount "66"]
[EventDate "1990.??.??"]

1. d4 Nf6 2. e3 g6 3. Bd3 Bg7 4. f4 O-O 5. Nf3 d6 6. Nbd2 c5 7. c3 Nc6 8. O-O
e6 9. Ne4 b6 10. Nxf6+ Bxf6 11. g4 Bb7 12. Be4 Qe7 13. g5 Bg7 14. h4 f5 15. Bd3
Qd7 16. h5 Ne7 17. Nh4 Kf7 18. b4 Rad8 19. Re1 Qc6 20. Kf2 cxb4 21. cxb4 Nd5
22. hxg6+ hxg6 23. b5 Qc3 24. Rb1 Rc8 25. Bd2 Qxd3 26. Rb3 Qc2 27. Qe2 Qxa2 28.
Rbb1 Rc2 29. Nf3 Nc3 30. Ra1 Nxe2 31. Rxa2 Rxa2 32. Kxe2 Rc8 33. Kf1 Bxf3 0-1

[Event "Lansing (Mini-Swiss.3/2)"]
[Site "?"]
[Date "1990.??.??"]
[Round "?"]
[White "Russell, K."]
[Black "Gregory, Kevin"]
[Result "0-1"]
[WhiteElo "1695"]
[BlackElo "1795"]
[PlyCount "88"]
[EventDate "1990.??.??"]

{3/(2)} 1. Nf3 d5 2. g3 c6 3. Bg2 Bf5 4. d3 Nf6 5. Nc3 e6 6. Bg5 h6 7. Bf4 Nbd7
8. Nd4 Bg6 9. e4 e5 10. Nxc6 bxc6 11. Bd2 d4 12. Ne2 Bd6 13. c3 c5 14. cxd4
cxd4 15. f4 Nc5 16. Qc2 Rc8 17. Bh3 Ncd7 18. Qa4 O-O 19. fxe5 Bxe5 20. Bb4 Re8
21. O-O Ra8 22. Rac1 a5 23. Bd2 Nb6 24. Qb5 Qb8 25. Rc5 Nc8 26. Qa4 Nb6 27. Qb5
Nc8 28. Qa4 Na7 29. Rfc1 Qxb2 30. R1c2 Qb8 31. Nf4 Bxf4 32. Bxf4 Qb1+ 33. Rc1
Qxd3 34. Bf1 Qxe4 35. Bg2 Qe7 36. Bxa8 Rxa8 37. Rxa5 Nh5 38. Rc7 Qe1+ 39. Kg2
Be4+ 40. Kh3 Qf1+ 41. Kh4 Nxf4 42. Qd7 Ng6+ 43. Kg4 Bf3+ 44. Kf5 Qh3+ 0-1

[Event "Detroit (MI Op/5/11)"]
[Site "?"]
[Date "1990.??.??"]
[Round "?"]
[White "Ruiz, G."]
[Black "Pirochta, T."]
[Result "1-0"]
[WhiteElo "2405"]
[BlackElo "1845"]
[PlyCount "85"]
[EventDate "1990.??.??"]

{5/(11)} 1. e4 Nc6 2. d4 e6 3. Nf3 d5 4. e5 Nge7 5. c3 Ng6 6. h4 h6 7. h5 Nge7
8. Bd3 b6 9. b4 Bb7 10. Nh4 Qd7 11. Qf3 Nd8 12. Ba3 b5 13. Rh3 Bc8 14. g4 c6
15. Nd2 Rg8 16. Nb3 g5 17. hxg6 Nxg6 18. Bc1 h5 19. Nxg6 fxg6 20. gxh5 gxh5 21.
Qxh5+ Qf7 22. Kf1 Qxh5 23. Rxh5 Bd7 24. Bh7 Rg7 25. Bg5 Be7 26. Bxe7 Kxe7 27.
Ke2 Nf7 28. Rah1 Rh8 29. Nc5 Be8 30. Bd3 Rxh5 31. Rxh5 Nd8 32. Rh7 Rxh7 33.
Bxh7 Bh5+ 34. Ke3 Nf7 35. Bg8 Bg6 36. Bxf7 Bxf7 37. Kf4 Bg6 38. Kg5 Be8 39. f4
Bf7 40. Nb7 Be8 41. Nd6 Bf7 42. Nxf7 Kxf7 43. Kh6 1-0

[Event "Detroit (MI Op/4/21)"]
[Site "?"]
[Date "1990.??.??"]
[Round "?"]
[White "Ruiz, G."]
[Black "Mikus, Jim"]
[Result "1-0"]
[WhiteElo "2405"]
[BlackElo "1800"]
[PlyCount "79"]
[EventDate "1990.??.??"]

{4/(21)} 1. e4 c6 2. d4 d5 3. Nc3 dxe4 4. Nxe4 Nd7 5. Nf3 Ngf6 6. Nc3 e6 7. Be2
Be7 8. O-O O-O 9. Bf4 a6 10. a4 Qb6 11. a5 Qd8 12. Nd2 Nd5 13. Bg3 b5 14. axb6
N7xb6 15. Nb3 Bb7 16. Re1 Bd6 17. Bxd6 Qxd6 18. Ne4 Qc7 19. Nec5 Nd7 20. Nxa6
Bxa6 21. Bxa6 Qb6 22. Bf1 c5 23. dxc5 Nxc5 24. Nxc5 Qxc5 25. Rxa8 Rxa8 26. Qd2
Qb6 27. c3 h6 28. b4 Rd8 29. Rb1 Nf6 30. Qe1 g5 31. c4 Qd4 32. c5 Nd5 33. Rd1
Qb2 34. b5 Ra8 35. b6 Nc3 36. b7 Rb8 37. Qe5 Rxb7 38. Rd8+ Kh7 39. Bd3+ f5 40.
Rh8+ 1-0

[Event "Detroit (MI Op/2/20)"]
[Site "?"]
[Date "1990.??.??"]
[Round "?"]
[White "Ruiz, G."]
[Black "Kosanovich, M."]
[Result "1-0"]
[WhiteElo "2405"]
[BlackElo "1620"]
[PlyCount "23"]
[EventDate "1990.??.??"]

{2/(20)} 1. e4 c5 2. Nf3 Nc6 3. d4 cxd4 4. Nxd4 e5 5. Nf3 Qb6 6. Nc3 Nf6 7. Bc4
Bc5 8. O-O Bxf2+ 9. Rxf2 Ng4 10. Bxf7+ Kd8 11. Bg5+ Nf6 12. Nd5 1-0

[Event "Detroit (MI Op/7/4)"]
[Site "?"]
[Date "1990.??.??"]
[Round "?"]
[White "Ruiz, G."]
[Black "Everett, Morgan"]
[Result "1/2-1/2"]
[WhiteElo "2405"]
[BlackElo "2080"]
[PlyCount "84"]
[EventDate "1990.??.??"]

{7/(4)} 1. e4 e5 2. f4 exf4 3. Nf3 d5 4. exd5 Nf6 5. d4 Bd6 6. c4 O-O 7. Be2
Re8 8. O-O c5 9. dxc6 Nxc6 10. Nc3 a6 11. Kh1 Bc7 12. d5 Ne7 13. Bd3 Bg4 14.
Qc2 Ng6 15. Bd2 Bd6 16. b3 Qc7 17. Ne4 Nxe4 18. Bxe4 Re7 19. Rac1 b6 20. Nd4
Rae8 21. Bd3 f3 22. gxf3 Bh3 23. Rf2 Bc5 24. Qb2 Qe5 25. Bc3 Qf4 26. Rg1 Re3
27. Be4 R3xe4 28. fxe4 Qxe4+ 29. Nf3 Bxf2 30. Qxf2 Bg4 31. Rg3 h5 32. h3 Bf5
33. Qd4 f6 34. Qxe4 Bxe4 35. Kg1 h4 36. Rg4 Bf5 37. Rg2 Nf4 38. Nxh4 Nxg2 39.
Nxf5 Ne3 40. Nxe3 Rxe3 41. Bd4 Re2 42. Bxb6 Rxa2 1/2-1/2

[Event "Flint (Class A/3)"]
[Site "?"]
[Date "1990.??.??"]
[Round "?"]
[White "Ruhlmann, Max"]
[Black "Smith, Daryn"]
[Result "0-1"]
[WhiteElo "1820"]
[BlackElo "1830"]
[PlyCount "66"]
[EventDate "1990.??.??"]

1. e4 c5 2. d4 cxd4 3. c3 dxc3 4. Nxc3 e6 5. Nf3 Be7 6. Bc4 Nc6 7. O-O a6 8.
Qe2 d6 9. Rd1 Bd7 10. Be3 b5 11. Bb3 Na5 12. Bc2 Nc4 13. Bb3 Nxe3 14. Qxe3 a5
15. a4 b4 16. Ne2 Nf6 17. Rac1 O-O 18. e5 Ng4 19. Qd4 Nh6 20. exd6 Bf6 21. Qd2
Qb6 22. Rc7 Rfd8 23. Rdc1 Nf5 24. Bc2 Bxb2 25. Rd1 Bf6 26. Qf4 Rab8 27. g4 b3
28. Bb1 Nxd6 29. Qxd6 Bxa4 30. Qxb6 Rxd1+ 31. Kg2 Rxb6 32. Ned4 b2 33. g5 Bxd4
0-1

[Event "Lansing (Jan)"]
[Site "?"]
[Date "1990.??.??"]
[Round "?"]
[White "Ruhlmann, Max"]
[Black "Scott, Steven"]
[Result "1/2-1/2"]
[WhiteElo "1795"]
[BlackElo "1930"]
[PlyCount "44"]
[EventDate "1990.??.??"]

1. e4 c5 2. d4 cxd4 3. c3 dxc3 4. Nxc3 Nc6 5. Bc4 d6 6. Nf3 Nf6 7. h3 e6 8. O-O
Be7 9. Qe2 a6 10. Rd1 Qc7 11. Be3 O-O 12. a3 Bd7 13. Rac1 Qa5 14. Nd4 Nxd4 15.
Bxd4 e5 16. Be3 Bc6 17. Bg5 Rfd8 18. Bxf6 Bxf6 19. Nd5 Bxd5 20. Bxd5 Qb6 21.
Rc4 Rd7 22. Rdc1 g6 1/2-1/2

[Event "Flint (Class A/5)"]
[Site "?"]
[Date "1990.??.??"]
[Round "?"]
[White "Ruhlmann, Max"]
[Black "Morris, Jewell"]
[Result "0-1"]
[WhiteElo "1820"]
[BlackElo "1865"]
[PlyCount "38"]
[EventDate "1990.??.??"]

1. e4 e5 2. Nc3 Nf6 3. f4 d6 4. Nf3 Bg4 5. Bc4 Nc6 6. O-O Nd4 7. fxe5 Bxf3 8.
gxf3 dxe5 9. d3 Bc5 10. Kh1 Nh5 11. Nd5 c6 12. Ne3 Qh4 13. Qe1 Qh3 14. c3 Nxf3
15. Qf2 Nxh2 16. Bxf7+ Kd8 17. Kg1 Nxf1 18. Qxf1 Bxe3+ 19. Bxe3 Qxe3+ 0-1

[Event "Lansing (Feb)"]
[Site "?"]
[Date "1990.??.??"]
[Round "?"]
[White "Ruhlmann, Max"]
[Black "June, Brian"]
[Result "1/2-1/2"]
[WhiteElo "1815"]
[BlackElo "1755"]
[PlyCount "101"]
[EventDate "1990.??.??"]

1. e4 c5 2. Nf3 Nc6 3. d4 cxd4 4. Nxd4 e5 5. Nb5 a6 6. Nd6+ Bxd6 7. Qxd6 Qf6 8.
Qd1 Qg6 9. Nc3 Nge7 10. Be3 d5 11. Nxd5 Nxd5 12. Qxd5 Be6 13. Qd6 Qxe4 14. Bd3
Qb4+ 15. Qxb4 Nxb4 16. a3 Nxd3+ 17. cxd3 Rc8 18. Rc1 Kd7 19. Kd2 Kd6 20. b4
Rxc1 21. Rxc1 Rc8 22. Rxc8 Bxc8 23. f4 exf4 24. Bxf4+ Kd5 25. Ke3 b5 26. d4 Bf5
27. h3 h5 28. Be5 f6 29. Bg3 Be4 30. Kf2 Kxd4 31. Bf4 g5 32. Bd6 f5 33. Be7 g4
34. hxg4 hxg4 35. g3 Kc3 36. Ke3 Kb3 37. Kd4 Kxa3 38. Kc5 f4 39. gxf4 g3 40.
Kb6 Kb3 41. Kxa6 Kc4 42. Kb6 g2 43. Bc5 g1=Q 44. Bxg1 Kxb4 45. Bd4 Kc4 46. f5
Bxf5 47. Bh8 Kd5 48. Ka5 b4 49. Ka4 b3 50. Ka3 b2 51. Kxb2 1/2-1/2

[Event "Detroit (MOR/3/45)"]
[Site "?"]
[Date "1990.??.??"]
[Round "?"]
[White "Rubel, J."]
[Black "Warren, S."]
[Result "1-0"]
[WhiteElo "1605"]
[BlackElo "1605"]
[PlyCount "89"]
[EventDate "1990.??.??"]

{3/(45)} 1. d4 e6 2. Nf3 d5 3. g3 c5 4. Bg2 Nc6 5. Nc3 Bd6 6. Nb5 Nge7 7. Nxd6+
Qxd6 8. Bf4 Qd8 9. dxc5 Qa5+ 10. c3 Qxc5 11. O-O O-O 12. Qd3 f5 13. Rfd1 Ng6
14. Be3 Qd6 15. b4 b6 16. a3 Nce5 17. Nxe5 Nxe5 18. Bf4 g5 19. Bxe5 Qxe5 20. e3
f4 21. exf4 gxf4 22. Re1 Qg5 23. Rac1 fxg3 24. fxg3 Bd7 25. Rf1 Rxf1+ 26. Rxf1
a6 27. Qd4 Rb8 28. Re1 Rf8 29. Qxb6 Qd2 30. Qe3 Qb2 31. Qg5+ Kh8 32. Rf1 Rxf1+
33. Bxf1 Qxc3 34. Qd8+ Kg7 35. Qxd7+ Kf6 36. Qxh7 Qe3+ 37. Kg2 Qe4+ 38. Qxe4
dxe4 39. Bxa6 e3 40. Kf1 e5 41. Ke2 e4 42. b5 Ke6 43. h4 Kd6 44. h5 Ke7 45. b6
1-0

[Event "Flint (Class C/5)"]
[Site "?"]
[Date "1990.??.??"]
[Round "?"]
[White "Rubel, J."]
[Black "Saulmon, Scott"]
[Result "1/2-1/2"]
[WhiteElo "1605"]
[BlackElo "1605"]
[PlyCount "26"]
[EventDate "1990.??.??"]

1. f4 d5 2. b3 c5 3. Bb2 Nc6 4. e3 Bf5 5. Nf3 a6 6. d3 e6 7. Nbd2 Nf6 8. Nh4
Bg4 9. Be2 Bxe2 10. Qxe2 Bd6 11. Nhf3 Nb4 12. Nf1 Qa5 13. c3 Nc6 1/2-1/2

[Event "Flint (Class C/2)"]
[Site "?"]
[Date "1990.??.??"]
[Round "?"]
[White "Rubel, J."]
[Black "Rodriguez, Juan"]
[Result "1-0"]
[WhiteElo "1605"]
[BlackElo "1605"]
[PlyCount "59"]
[EventDate "1990.??.??"]

1. e4 c5 2. Nf3 d6 3. d4 cxd4 4. Nxd4 Nf6 5. Nc3 a6 6. Bg5 e6 7. Be2 Be7 8. Bd3
e5 9. Bxf6 Bxf6 10. Nf3 Nc6 11. h3 Qa5 12. O-O O-O 13. Nd5 Bd8 14. a3 Qc5 15.
Qd2 f5 16. b4 Qa7 17. Bc4 b5 18. Ne7+ Kh8 19. Nxc6 Qc7 20. Bd5 Bf6 21. Ncxe5
Bxe5 22. Bxa8 Bxa1 23. Rxa1 Bb7 24. Bxb7 Qxb7 25. Qxd6 Qf7 26. exf5 Qxf5 27.
Qxa6 Qxc2 28. Qxb5 h6 29. Qc5 Qxc5 30. bxc5 1-0

[Event "Detroit (MOR/6/16)"]
[Site "?"]
[Date "1990.??.??"]
[Round "?"]
[White "Rubel, J."]
[Black "McCarter, Robert"]
[Result "0-1"]
[WhiteElo "1605"]
[BlackElo "1745"]
[PlyCount "102"]
[EventDate "1990.??.??"]

{6/(16)} 1. e4 c6 2. d4 d5 3. e5 Bf5 4. Nc3 e6 5. Bd3 Bxd3 6. Qxd3 Qc7 7. Nf3
h6 8. Bd2 Nd7 9. Ne2 O-O-O 10. O-O g5 11. h3 f6 12. exf6 Ngxf6 13. Nh2 Bd6 14.
g3 Ne4 15. Be1 Rdf8 16. Kg2 h5 17. c4 Nef6 18. c5 Be7 19. Nf3 g4 20. Ng5 Ne4
21. Nxe6 Rf3 22. Qxe4 dxe4 23. Nxc7 Kxc7 24. Ba5+ b6 25. cxb6+ axb6 26. Bc3
Rhf8 27. hxg4 hxg4 28. Nf4 Rf5 29. a4 Bd6 30. a5 Bxf4 31. gxf4 R5xf4 32. axb6+
Kxb6 33. Ra5 Rxc3 34. bxc3 Kxa5 35. Kg3 Rf3+ 36. Kxg4 Rxc3 37. Kf4 Nf6 38. Rb1
Rf3+ 39. Kg5 Rxf2 40. Rb3 Nd5 41. Kg4 Rf4+ 42. Kg3 Rf3+ 43. Rxf3 exf3 44. Kxf3
Kb5 45. Ke4 Kc4 46. Ke5 Nb4 47. Ke4 Nc2 48. Kf3 Nxd4+ 49. Ke3 Kc3 50. Ke4 c5
51. Ke3 c4 0-1